000 01342nam0a2200349 4500
001 RU\NLR\bibl\1501482
005 20260408165816.0
010 _a978-5-88373-174-0
_bв пер.
_9800
035 _a(NLR Aleph) 001492937
035 _a(nilc)LIBNET\0000010529
090 _a1773056
_c1773056
100 _a20100225d2009 u y0rusy50 ca
101 0 _arus
102 _aRU
105 _aa z |||||
200 1 _aТрактат о свободе
_e[монография]
_fГ. Д. Левин
_gРос. акад. наук, Ин-т философии
210 _aМосква
_cКанон+
_d2009
215 _a191 с.
_cил.
_d21
320 _aБиблиогр. в подстроч. примеч.
606 1 _aСвобода и ответственность
_91585044
_3RU\NLR\auth\66995004
606 _aСвобода воли (этич.)
_3RU\NLR\auth\66540118
_91303477
686 _a87.713.14
_vLBC/RL
_2rubbk
686 _aЮ212.73
686 _aЮ703.141
700 1 _4070
_8rus
_7ca
_aЛевин
_bГ. Д.
_cд-р филос. наук
_f1937-
_gГеоргий Дмитриевич
_3RU\NLR\AUTH\7772726
_955654
801 0 _aRU
_bОмская ГОНБ
_c20100225
_grcr
801 1 _aRU
_bОмская ГОНБ
_c20100225
_2rusmarc
801 2 _aRU
_bNLR
_c20100322
_grcr
942 _cBOOK
980 _aNB